Prayer is invading the impossible. (Record no. 8810)

000 -LEADER
fixed length control field 00776nam a2200217 a 4500
001 - CONTROL NUMBER
control field :::00006589$&:&@@
003 - CONTROL NUMBER IDENTIFIER
control field OkBaRHE
005 - DATE AND TIME OF LATEST TRANSACTION
control field 20001106163432.0
008 - FIXED-LENGTH DATA ELEMENTS--GENERAL INFORMATION
fixed length control field s1977 j 000 0 eng u
020 ## - INTERNATIONAL STANDARD BOOK NUMBER
International Standard Book Number 0882702181
040 ## - CATALOGING SOURCE
Transcribing agency
100 1# - MAIN ENTRY--PERSONAL NAME
Personal name Hayford, Jack W.
245 10 - TITLE STATEMENT
Title Prayer is invading the impossible.
260 ## - PUBLICATION, DISTRIBUTION, ETC. (IMPRINT)
Place of publication, distribution, etc Plainfield, NJ., :
Name of publisher, distributor, etc Logos International
Date of publication, distribution, etc c1977
300 ## - PHYSICAL DESCRIPTION
Extent 150 p. ;
Dimensions 21 cm.
650 ## - SUBJECT ADDED ENTRY--TOPICAL TERM
Topical term or geographic name as entry element Prayer
942 ## - ADDED ENTRY ELEMENTS (KOHA)
Source of classification or shelving scheme
Koha item type Books
Copies
Permanent Location Source of classification or shelving scheme Lost status Koha item type Barcode Date acquired Copy number Damaged status Full call number Shelving location Withdrawn status Date last seen Price effective from Not for loan
RHEMA Bible Training College  Books65892010-04-141 BV 210.2 .H39General Stacks 2010-04-142010-04-14 
RHEMA Bible Training College  Books161652010-04-142 BV 210.2 .H39General Stacks 2010-04-142010-04-14 
RHEMA Bible Training College  Books185122010-04-143 BV 210.2 .H39General Stacks 2010-04-142010-04-14